000 00285nam a22001337a 4500
008 181030b xxu||||| |||| 00| 0 eng d
020 _a0395287545
041 _aeng
080 _a316
100 _a50
101 _aSOC
245 _aHuman Development
_cRipple,R.E
942 _2udc
_cBK
999 _c51094
_d51094